HOT WORDS HOT TOPICS (Record no. 40245)
[ view plain ]
| 000 -LEADER | |
|---|---|
| fixed length control field | 00288nam a22001337a 4500 |
| 008 - FIXED-LENGTH DATA ELEMENTS--GENERAL INFORMATION | |
| fixed length control field | 180115b xxu||||| |||| 00| 0 eng d |
| 020 ## - INTERNATIONAL STANDARD BOOK NUMBER | |
| International Standard Book Number | 9780762205158 |
| 041 ## - LANGUAGE CODE | |
| Language code of text/sound track or separate title | eng |
| 080 ## - UNIVERSAL DECIMAL CLASSIFICATION NUMBER | |
| Universal Decimal Classification number | 37 |
| 100 ## - Rafti | |
| Rafti | 46 |
| 101 ## - Shkurtesa | |
| Shkurtesa | EDU |
| 245 ## - TITLE STATEMENT | |
| Title | HOT WORDS HOT TOPICS |
| Statement of responsibility, etc | HILL.M |
| 942 ## - ADDED ENTRY ELEMENTS (KOHA) | |
| Source of classification or shelving scheme | |
| Item type | Books |
| Withdrawn status | Lost status | Source of classification or shelving scheme | Damaged status | Not for loan | Collection code | Permanent location | Current location | Shelving location | Date acquired | Total Checkouts | Full call number | Barcode | Date last seen | Price effective from | Koha item type |
|---|---|---|---|---|---|---|---|---|---|---|---|---|---|---|---|
| Koleksioni i përgjithshem | UBT - Lipjan | UBT - Lipjan | Koleksioni i përgjithshem | 01/15/2018 | 37 EDU | 002-2995488 | 01/15/2018 | 01/15/2018 | Books | ||||||
| Koleksioni i përgjithshem | UBT - Lipjan | UBT - Lipjan | Koleksioni i përgjithshem | 01/15/2018 | 37 EDU | 002-2995483 | 01/15/2018 | 01/15/2018 | Books | ||||||
| Koleksioni i përgjithshem | UBT - Lipjan | UBT - Lipjan | Koleksioni i përgjithshem | 01/15/2018 | 37 HIL | 002-2995468 | 01/15/2018 | 01/15/2018 | Books |